书目信息 |
| 题名: |
中国:震撼5月
|
|
| 作者: | 商泽军 主编 | |
| 分册: | ||
| 出版信息: | 山东出版集团 明天出版社 05/31/08 |
|
| 页数: | 244页 | |
| 开本: | 20cm | |
| 丛书名: | ||
| 单 册: | ||
| 中图分类: | I227.1 | |
| 科图分类: | ||
| 主题词: | 诗歌--中国 , 韵文--中国 | |
| 电子资源: | ||
| ISBN: | 978-7-5332-5719-4 | |
| 000 | 00649nam0 2200241 45 | |
| 001 | 0930146738 | |
| 005 | 20091013082438.84 | |
| 010 | @a978-7-5332-5719-4@dCNY19.00 | |
| 100 | @a20090515d05/3 ekmy0 y0120 ea | |
| 102 | @aCN@b130000 | |
| 102 | @aCN@b370000 | |
| 105 | @ay z 000yy | |
| 200 | 1 | @a中国:震撼5月@f商泽军主编@Fshang ze jun zhu bian |
| 210 | @c山东出版集团 明天出版社@d05/31/08 | |
| 210 | @a济南@c明天出版社 | |
| 215 | @a244页@d20cm | |
| 606 | 0 | @a诗歌@x中国 |
| 606 | 0 | @a韵文@x中国 |
| 690 | @aI227.1@v4 | |
| 701 | 0 | @a商泽军@Ashang ze jun@4主编 |
| 801 | 0 | @aCN@c20091013 |
| 905 | @a10447@dI227.1@eS190 | |
| 906 | @d19@n3@r1 | |
| 中国:震撼5月/商泽军主编.-山东出版集团 明天出版社,05/31/08.-济南:明天出版社 |
| 244页;20cm |
| ISBN 978-7-5332-5719-4:CNY19.00 |
| ● |
| 相关链接 |
|
|
|
正题名:中国:震撼5月
索取号:I227.1/S190
 
预约/预借
| 序号 | 登录号 | 条形码 | 馆藏地/架位号 | 状态 | 备注 |
| 1 | 892345 | 208923450 | 社科二线400B/400B社科库 6排3列6层/ [索取号:I227.1/S190] | 在馆 | |
| 2 | 892346 | 208923469 | 自科二线404/108文学库 19排1列2层/ [索取号:I227.1/S190] | 在馆 | |
| 3 | 892347 | 208923478 | 自科二线404/108文学库 19排1列2层/ [索取号:I227.1/S190] | 在馆 |